LEADER 01665nam a2200385 a 4500 001 000000135181 003 CaOOAMICUS 005 20130822093038.0 008 130820s2013 it u001 u ita r 020 $a978-88-452-7338-4 040 $aPUL$bita 041 1 $aita$hgrc 082 04$a190 100 0 $aAristoteles,$d384-322 a.C.$0(OLS)http://pul/name/792 240 10$aDe generatione et corruptione.$lItaliano e greco.$0(OLS)http://pul/title/170958 245 13$aLa generazione e la corruzione /$cAristotele. Traduzione, introduzione e commento di Maurizio Migliori. Revisione, aggiornamento e saggio bibliografico di Lucia Palpacelli. 260 $aMilano :$bBompiani,$c©2011. 300 $aXLIX, 579 p. ;$c22 cm 490 1 $aBompiani Il pensiero occidentale 504 $aBibliografia p. [539]-559. 546 $aTesto greco a fronte. 700 1 $aMigliori, Maurizio.$0(OLS)http://pul/name/5029 700 1 $aPalpacelli, Lucia.$0(OLS)http://pul/name/72223 830 0$aBompiani Il pensiero occidentale.$0(OLS)http://pul/title/99836 850 $aPUL 852 $aPUL$W1$xSL Filosofia 3$y81$m190 COLL 2.174$j155694$qDDC 21$B155181$CPULBib$Z2$F155181 $H122768 $82 900 $aAristotle,$d 384-322 a.C.$9792 900 $aAristotele,$d384-322 a.C.$9792 941 1 $a9 983 3$aIl pensiero occidentale (Bompiani) 996 $6020$a978-88-452-7338-4$9(OLS)http://pul/number/153413 996 $6082$a190$9(OLS)http://pul/classification/123 996 $6245$aLa generazione e la corruzione$9(OLS)http://pul/title/24089 996 $6260$aMilano :$bBompiani$9(OLS)http://pul/publisher/48240 LEADER 01617nam a2200349 u 4500 001 000000029721 003 CaOOAMICUS 005 20070226111940.0 008 970527s1995 it u000 u ita u 020 $a8825002203 035 $a10762593 040 $aPUL(R)$bita 110 2 $aAssociazione teologica Italiana.$bCongresso zonale-sud$d(1994 :$cMolfetta).$0(OLS)http://pul/name/24032 245 10$aCosmologia e antropologia :$bper una scienza dell'uomo /$ca cura di Giovanni Ancona. 260 $aPadova :$bMessaggero,$c1995. 300 $a228 p. ;$c21 cm 490 1 $aStudi religiosi 500 $a"Atti del Congresso Zonale - Sud dell'Associazione Teologica Italiana. Molfetta, 20-22 settembre 1994. 504 $aBibliografia in nota. 650 4$aCosmologia.$0(OLS)http://pul/subject/526 650 4$aAntropologia.$0(OLS)http://pul/subject/1028 650 4$aTeologia.$0(OLS)http://pul/subject/118 700 1 $aAncona, Giovanni.$0(OLS)http://pul/name/6035 830 0$aStudi religiosi (Messaggero).$0(OLS)http://pul/title/18487 850 $aPUL 852 $aPUL$W1$xSL Religione 1$y3$m61 B 68$j41133$nBK-PRI$b $qStampati$B41133$CPULBib$Z2$F41133 $H $81 852 $aPUL$W1$xDP1 Fondo Bordoni$y120$m2 A 82$j156023$qFondi$B172229$CPULBib$Z2$F172229 $HBor476 $81 941 1 $a1 941 1 $a8 996 $6020$a8825002203$9(OLS)http://pul/number/37279 996 $6245$aCosmologia e antropologia :$bper una scienza dell'uomo$9(OLS)http://pul/title/40723 996 $6260$aPadova :$bMessaggero$9(OLS)http://pul/publisher/47870 LEADER 01556nam a2200361 a 4500 001 000000171367 003 CaOOAMICUS 005 20190122131217.0 008 190122s2019 it u000 u ita r 020 $a978-88-28-80431-4* 032 $aLibriCat 040 $aPUL$bita 082 $a348.45 110 1 $aItalia.$0(OLS)http://pul/name/1188 240 10$aCodice di procedura civile (2019).$0(OLS)http://pul/title/212191 245 10$aCodice di procedura civile /$cdiretto da Fabrizio Di Marzio ; commentato e aggiornato in dejure con Caterina Costabile ... [et al.]. 250 $aEd. integrale online. 260 $aMilano :$bGiuffrè,$c2019. 300 $aXXVII, 2005 p.;$c25 cm 490 1 $aI codici commentati 500 $aTesto su due colonne. 630 04$aCodice di procedura civile$zItalia.$0(OLS)http://pul/subject/19975 700 1 $aDi Marzio, Fabrizio,$d1965-$0(OLS)http://pul/name/69476 700 1 $aCostabile, Caterina.$0(OLS)http://pul/name/102760 830 2$aI codici commentati (Giuffrè).$0(OLS)http://pul/title/192430 850 $aPUL 852 $aPUL$W1$xDP2 Diritto e Scienze Sociali 3$y110$m348. 45 COD 5.43$j195059$qDDC 21$B199959$CPULBib$Z2$F199959 $H132153 $81 941 1 $a9 996 $6020$a978-88-28-80431-4*$9(OLS)http://pul/number/165631 996 $6082$a348.45$9(OLS)http://pul/classification/373 996 $6245$aCodice di procedura civile$9(OLS)http://pul/title/104090 996 $6260$aMilano :$bGiuffrè$9(OLS)http://pul/publisher/48401